000 01264nam a22002177a 4500
999 _c62408
_d62408
003 Ge_BSU
005 20241023134153.0
008 241023s2008 ge ||||| |||| 00| 0 geo d
020 _a9789941006104
041 _ageo
080 _a821.353.1.09-91(072) : 37.016 ბ-26
100 _aბარბაქაძე, ქეთევან
_923502
245 _aზეპირსიტყვიერების სწავლების საკითხები ქართულ პედაგოგიკურსა და მეთოდიკურ აზროვნებაში :
_b(XIX საუკუნის 60-იანი და XX საუკუნის 50-იანი წლები) /
_cქეთევან ბარბაქაძე; რედ. ამირან არაბული.
264 _aთბ.,
_c2008.
300 _a128გვ. ;
_b20სმ.
504 _aბიბლიოგრ. ტექსტ. შენიშვნ. და გვ. 121-125.
653 _aქართული ზეპირსიტყვიერების სწავლება
700 _aარაბული, ამირან
_eრედაქტორი
_95770
773 _tნაჩუქარი
942 _2udc
_cBK